ChatGPT X Excel自動化工作聖經 : (Record no. 7680)

MARC details
000 -LEADER
fixed length control field 01100cam a2200337 i 4500
001 - CONTROL NUMBER
control field 005183243
003 - CONTROL NUMBER IDENTIFIER
control field YEEZEN
005 - DATE AND TIME OF LATEST TRANSACTION
control field 20260107140039.0
008 - FIXED-LENGTH DATA ELEMENTS--GENERAL INFORMATION
fixed length control field 250414s2024 ch ad e 000 0 chi d
020 ## - INTERNATIONAL STANDARD BOOK NUMBER
International Standard Book Number 9786267488201
Qualifying information (平裝) :
Terms of availability NT$520
040 ## - CATALOGING SOURCE
Original cataloging agency mcutl
Language of cataloging chi
Transcribing agency mcutl
Modifying agency mcutl
Description conventions ccr
041 0# - LANGUAGE CODE
Language code of text/sound track or separate title chi
042 ## - AUTHENTICATION CODE
Authentication code nbic
084 ## - OTHER CLASSIFICATION NUMBER
Classification number 312.49E9
Number source ncsclt
090 ## - LOCALLY ASSIGNED LC-TYPE CALL NUMBER (OCLC); LOCAL CALL NUMBER (RLIN)
Classification number (OCLC) (R) ; Classification number, CALL (RLIN) (NR) 312.49E9
100 1# - MAIN ENTRY--PERSONAL NAME
Personal name 吳承穎
245 10 - TITLE STATEMENT
Title ChatGPT X Excel自動化工作聖經 :
Remainder of title AI生成公式、數據詮釋、統計報表 /
Statement of responsibility, etc. 吳承穎(樂咖老師)作
246 3# - VARYING FORM OF TITLE
Title proper/short title AI生成公式數據詮釋統計報表
246 30 - VARYING FORM OF TITLE
Title proper/short title AI生成公式、數據詮釋、統計報表
250 ## - EDITION STATEMENT
Edition statement 初版
260 ## - PUBLICATION, DISTRIBUTION, ETC.
Place of publication, distribution, etc. 臺北市 :
Name of publisher, distributor, etc. 創意市集, 城邦文化出版 :
-- 家庭傳媒城邦分公司發行,
Date of publication, distribution, etc. 2024.08
300 ## - PHYSICAL DESCRIPTION
Extent [344]面 :
Other physical details 彩圖, 表格 ;
Dimensions 23公分
490 1# - SERIES STATEMENT
Series statement BizPro ;
Volume/sequential designation 2AB548.
503 ## - BIBLIOGRAPHIC HISTORY NOTE (BK CF MU) [OBSOLETE]
Bibliographic history note 2024年4刷
650 #7 - SUBJECT ADDED ENTRY--TOPICAL TERM
Topical term or geographic name entry element EXCEL(電腦程式)
Source of heading or term lcstt.
650 #7 - SUBJECT ADDED ENTRY--TOPICAL TERM
Topical term or geographic name entry element 人工智慧
Source of heading or term lcstt.
650 #7 - SUBJECT ADDED ENTRY--TOPICAL TERM
Topical term or geographic name entry element 統計分析
Source of heading or term lcstt.
700 0# - ADDED ENTRY--PERSONAL NAME
Personal name 樂咖老師
830 #0 - SERIES ADDED ENTRY--UNIFORM TITLE
Uniform title BizPro ;
Volume/sequential designation 2AB548.
942 ## - ADDED ENTRY ELEMENTS (KOHA)
Source of classification or shelving scheme 中文圖書分類法
Koha item type 一般圖書
Holdings
撤銷狀態 遺失狀態 分類號來源 損壞狀態 不外借 永久館藏地 現在館藏地 書架位置 採購日期 全部借出 全部續借 完整索書號 條碼號 最後一次日期記錄 Date last checked out 一般價格有效日期 Koha館藏類型 公開資訊
未註銷館藏 未遺失 中文圖書分類法 未損毀 可外借 怡仁綜合醫院圖書館 怡仁綜合醫院圖書館   2026-01-07 3 2 312.49E9 C03266 2026-03-17 2026-03-11 2026-01-07 一般圖書 本書可以教會你: 不要記一大堆複雜公式,學會系統化 ChatGPT 詠唱技巧,讓 AI 幫你寫出公式! 打破 Excel 傳統教學法,AI 時代,讓我們從解決你的任務問題直接出發,立刻用在工作上!
怡仁醫院| 地址:32643桃園市楊梅區楊新北路321巷30號 | 服務專線:03-4855566 | 電子郵件信箱:
Copyright © 1996 CHC Hospital